Endogenous and Exogenous Effects of R&D in Enterprise Innovations Activity

Vybrané faktory sociálnych inovácií. Definícia procesov pri implementácii inovácií v podnikoch. Rozdiely v teórii a praxi.

Salvato in:
Dettagli Bibliografici
Autore principale: Matušovič, Martin
Altri autori: Hrušovská, Dana, 1964-
Natura: Capitolo di libro
Lingua:inglese
Soggetti:
Tags: Aggiungi Tag
Nessun Tag, puoi essere il primo ad aggiungerne!!

MARC

LEADER 00000naa$a2200000$$$4500
001 0241998
005 20240523120455.0
041 0 |a eng 
044 |a SK 
245 1 0 |a Endogenous and Exogenous Effects of R&D in Enterprise Innovations Activity  |c Martin Matušovič, Dana Hrušovská 
520 |a Vybrané faktory sociálnych inovácií. Definícia procesov pri implementácii inovácií v podnikoch. Rozdiely v teórii a praxi. 
610 2 0 |a podnik 
610 2 0 |a výskum podnikový 
610 2 0 |a výskum vedecký 
610 2 0 |a teória a prax 
610 2 0 |a analýza empirická 
610 2 0 |a inovácie sociálne 
610 2 0 |a inovácia 
100 1 |a Matušovič, Martin 
700 1 |a Hrušovská, Dana, 1964-